000 00993nam a2200289Ia 4500
003 OSt
005 20220930091407.0
006 a|||||r|||| 00| 0
007 ta
008 220926b |||||||| |||| 00| 0 eng d
024 _a5858
037 _cTheses
040 _aCRL
_cCRL
_beng
041 _2eng
_aeng
100 _aArora Vinod Au.
_9545537
110 _aUniversity of Delhi. Faculty of Medical Sciences. Department of General Medicine
_9544737
245 0 _aTo study health related quality of life in chronic kidney disease patients
260 _c2012
300 _a72
_ap.
_ccm.
650 _aMEDICINE
700 _a Dr. Anil Gurtoo Gu.
_9532893
700 _a Dr. Anupam Prakash Gu.
_9541374
700 _a Dr. N. P. Singh Gu.
_9525771
700 _aUniversity of Delhi. Faculty of Medical Sciences. Department of General Medicine
_9544739
942 _cDIS
_2CC
999 _c882022
_d882022